| 000 | 00534nam a22001817a 4500 | ||
|---|---|---|---|
| 999 |
_c180116 _d180116 |
||
| 005 | 20210726123127.0 | ||
| 010 | _aENG-129638 | ||
| 020 |
_a978-81-935731-2-9 _c350.00 |
||
| 035 | _aEN-113170 | ||
| 037 | _bDBAD/PUB | ||
| 082 | _a330.954162 | ||
| 100 | _aIra Das | ||
| 245 |
_aDevelopment Issues of North East India: _cA Quest for Solution/ _bBy Ira Das |
||
| 260 |
_bMaliyata Offset Press _aAssam |
||
| 270 |
_aMirza, Kamrup, _bAssam _e781125 |
||
| 300 |
_a239p; _c22cm(pbk) |
||
| 942 |
_2ddc _cEN _h330.954162 _mDAS |
||